LEADER 00916nam a2200217 u 4500 001 000000086484 003 CaOOAMICUS 005 20070226124314.0 008 050930s1959 it u000 u ita u 035 $a11060918 040 $aPUL(R)$bita 245 03$aLa giovane poesia italiana e straniera :$baspetti e problemi. 260 $a[Roma] :$b"Fuoco",$cstampa 1959. 300 $a227 p. :$bill. ;$c21 cm 650 4$aPoesia italiana$ySec. XX.$0(OLS)http://pul/subject/22115 650 4$aPoesia$ySec. XX$xCritica e interpretazione.$0(OLS)http://pul/subject/28860 850 $aPUL 852 $aPUL$W1$xDP1 Fondo Cecchetti$y53$m295 A 11$j109818$nBK-PRI$b $qFondi$B109818$CPULBib$Z2$F109818 $HPUL3879 $81 941 1 $a1 996 $6245$aLa giovane poesia italiana e straniera :$baspetti e problemi$9(OLS)http://pul/title/112060 996 $6260$a[Roma] :$b"Fuoco"$9(OLS)http://pul/publisher/77451 LEADER 01637nam a2200349 a 4500 001 000000151814 003 CaOOAMICUS 005 20170519100643.0 008 160517s1953 it u000 u ita r 032 $aLibriCat 040 $aPUL$bita 041 0 $aita$afre$ager 245 00$aTesti umanistici su la retorica :$btesti editi e inediti su Retorica e Dialettica di Mario Nizolio, Francesco Patrizi e Pietro Ramo /$ca cura di Eugenio Garin, Paolo Rossi, Cesare Vasoli. 260 $aRoma :$bFratelli Bocca,$c1953. 300 $a157 p. ;$c25 cm. 490 1 $aArchivio di filosofia 504 $aNote bibliografiche. 650 4$aRetorica.$0(OLS)http://pul/subject/5398 700 1 $aNizolio, Mario.$0(OLS)http://pul/name/96615 700 1 $aPatrizi, Francesco,$d1529-1597.$0(OLS)http://pul/name/72838 700 1 $aGarin, Eugenio,$d1909-2004.$0(OLS)http://pul/name/8722 700 1 $aRamo, Pietro.$0(OLS)http://pul/name/96617 700 1 $aVasoli, Cesare,$d1924-$0(OLS)http://pul/name/4280 700 1 $aRossi, Paolo.$0(OLS)http://pul/name/43914 830 0$aArchivio di filosofia (Bocca).$0(OLS)http://pul/title/72877 850 $aPUL 852 $aPUL$W1$xDP1 Cons. Gen., Altre Classi 1$y22$m931 C 41$j174465$qStampati$B177033$CPULBib$Z2$F177033 $81 941 1 $a8 983 0$aArchivio di filosofia (Fabrizio Serra) 996 $6245$aTesti umanistici su la retorica :$btesti editi e inediti su Retorica e Dialettica di Mario Nizolio, Francesco Patrizi e Pietro Ramo$9(OLS)http://pul/title/191107 996 $6260$aRoma :$bFratelli Bocca$9(OLS)http://pul/publisher/50941